000
00281nam a22001097a 4500
008
240712b |||||||| |||| 00| 0 eng d
100
_a
Aorami, Vishindas
_9
16935
245
_a
Baran Lai Tar Vadan Lai Vindar
260
_a
Bombay:
_b
Shobha Pub;
_c
1969.
300
_a
130p.
942
_c
BK
999
_c
40071
_d
40071